Statistics for Capital Punishment Countries with Exceptions

Click here to take the quiz!

General Stats

  • This quiz has been taken 19 times
  • The average score is 19 of 28

Answer Stats

Last ExecutionContinentCountry% Correct
2003AmericasCuba
94%
2021AfricaEgypt
89%
2021AfricaSudan
89%
2021AmericasUnited States
89%
1991AmericasAntigua and Barbuda
83%
1995AmericasSaint Vincent and the Grenadines
83%
1984AmericasBarbados
78%
1988AmericasJamaica
78%
2008AmericasSaint Kitts and Nevis
78%
2019EuropeBelarus
72%
1986AmericasDominica
72%
2010AfricaLibya
72%
2016AfricaNigeria
72%
2021AfricaSomalia
72%
2020AfricaSouth Sudan
72%
1999AmericasTrinidad and Tobago
72%
2000AmericasBahamas
67%
2012AfricaGambia
67%
2003AfricaDR Congo
61%
2007AfricaEthiopia
61%
2005AfricaZimbabwe
61%
1997AmericasGuyana
50%
1985AmericasBelize
44%
2021AfricaBotswana
44%
2005AfricaUganda
44%
1997AfricaComoros
39%
2014AfricaEquatorial Guinea
39%
1995AfricaLesotho
39%

Score Distribution

Percentile by Number Answered

Percent of People with Each Score

Your Score History

You have not taken this quiz